Youth hostelling in West Pakistan, (Record no. 86362)
[ view plain ]
| 000 -LEADER | |
|---|---|
| fixed length control field | 00568cam a2200193 4500 |
| 001 - CONTROL NUMBER | |
| control field | sa 68015274 |
| 003 - CONTROL NUMBER IDENTIFIER | |
| control field | DLC |
| 005 - DATE AND TIME OF LATEST TRANSACTION | |
| control field | 20260227112642.0 |
| 008 - FIXED-LENGTH DATA ELEMENTS--GENERAL INFORMATION | |
| fixed length control field | 700323s1966 pk 00010 eng |
| 010 ## - LIBRARY OF CONGRESS CONTROL NUMBER | |
| LC control number | sa 68015274 |
| 050 0# - LIBRARY OF CONGRESS CALL NUMBER | |
| Classification number | TX931 |
| Item number | .C42 |
| 082 ## - DEWEY DECIMAL CLASSIFICATION NUMBER | |
| Classification number | 647/.945491 |
| 100 10 - MAIN ENTRY--PERSONAL NAME | |
| Personal name | Chaudhry, M. Tufail. |
| 245 1# - TITLE STATEMENT | |
| Title | Youth hostelling in West Pakistan, |
| Statement of responsibility, etc. | by M. Tufail Chaudhry. |
| 260 0# - PUBLICATION, DISTRIBUTION, ETC. | |
| Place of publication, distribution, etc. | Lahore, |
| Name of publisher, distributor, etc. | West Pakistan Bureau of Education, |
| Date of publication, distribution, etc. | 1966. |
| 300 ## - PHYSICAL DESCRIPTION | |
| Extent | ix, 63 p. |
| Dimensions | 22 cm. |
| 650 #0 - SUBJECT ADDED ENTRY--TOPICAL TERM | |
| Topical term or geographic name entry element | Youth hostels. |
| 650 #0 - SUBJECT ADDED ENTRY--TOPICAL TERM | |
| Topical term or geographic name entry element | Tourist camps, hostels, etc. |
| Geographic subdivision | West Pakistan. |
No items available.